00337nam a2200121 450000500170000010000240001724500460004126400410008730000170012833600220014533700240016733800240019120260530115257.01 aDutch Designers BNO10aDutch Design 2000/01 Environmental Design 1bBis Publishers, Amsterdam 2000c2000 a92 páginas atexto2rdacontent asin medio2rdamedia avolumen2rdacarrier